00439nam a2200133Ia 4500008004100000041000800041100002100049245005600070260003100126300000800157700002000165999001900185952010100204250110s9999 xx 000 0 und d aeng aUmalkar Akanksha aLandscape Redesign Of Chatrapati Sambaji Park, Pune bBNCA M Arch LA, Punec2017 a67p aGuide Name:BNCA c364031d364031 00104070aBNCAbBNCAd2017-05-18l0pBNCA-PR-1531r2025-01-10 00:00:00w2025-01-10yPRzPR1531